Transition to Good Governance: Creating Virtuous Circles of Anti-Corruption (Record no. 6647)

MARC details
005 - DATE AND TIME OF LATEST TRANSACTION
control field 20250710133115.0
020 ## - INTERNATIONAL STANDARD BOOK NUMBER
International Standard Book Number 978-1-78643-914-7
082 ## - DEWEY DECIMAL CLASSIFICATION NUMBER
Classification number 364.132 TRA
245 ## - TITLE STATEMENT
Title Transition to Good Governance: Creating Virtuous Circles of Anti-Corruption
260 ## - PUBLICATION, DISTRIBUTION, ETC.
Place of publication, distribution, etc. Cheltnham
Name of publisher, distributor, etc. Edward Elgar Publishing, Inc.
Date of publication, distribution, etc. 2017
300 ## - PHYSICAL DESCRIPTION
Extent xi,289p.: ill.; figures
Other physical details Index
Dimensions Figures
700 ## - ADDED ENTRY--PERSONAL NAME
Other authors/Editors Alina Mungiu-Pippidi
700 ## - ADDED ENTRY--PERSONAL NAME
Other authors/Editors Michael Johnston
942 ## - ADDED ENTRY ELEMENTS (KOHA)
Source of classification or shelving scheme Dewey Decimal Classification
Koha item type Books
Holdings
Date last seen Total checkouts Full call number Barcode Cost, replacement price Price effective from Koha item type Lost status Source of classification or shelving scheme Damaged status Not for loan Withdrawn status Home library Current library Shelving location Date acquired Source of acquisition Cost, normal purchase price
07/10/2025   364.132 TRA MZA0003102 150000.00 07/10/2025 Books   Dewey Decimal Classification       CBE Mwanza CBE Mwanza General Collection 02/13/2024 TLSB Donation 50000.00